Кн. 3: Термодинамика. Статистическая физика. Строение вещества; Курс общей физики

Dades bibliogràfiques
Parent link:Курс общей физики: учебное пособие/ Б. В. Бондарев, Н. П. Калашников, Г. Г. Спирин. Кн. 3: Термодинамика. Статистическая физика. Строение вещества.— 2-е изд., стер..— , 2005.— 5-06-004606-0
Sumari:Книга представляет собой конспект лекций по термодинамике, статистической физике и теории строения вещества в рамках курса общей физики для студентов технических вузов. При помощи математического аппарата, доступного пониманию студентов первого курса технического вуза, дано изложение основных понятий и законов термодинамики, статистической физики и теории строения вещества. Приведено достаточное количество примеров и задач, разбор которых помогает усвоению теоретического материала и прививает навыки самостоятельного решения задач по общей физике. По способу представления изучаемого материала предлагаемый курс физики можно назвать двухуровневым. Каждая достаточно сложная тема изложена здесь дважды: сначала самым простым образом, а затем более строго и широко. Студент, имеющий желание получить хорошую оценку на экзамене, должен освоить материал как первого, так и второго уровня изложения. Студент, которого устраивает оценка «удовлетворительно», может не обращать внимание на отмеченные символом «звездочка» главы, содержащие материал второго уровня. Для студентов технических вузов.
Idioma:rus
Publicat: 2005
Matèries:
Format: Llibre
KOHA link:https://koha.lib.tpu.ru/cgi-bin/koha/opac-detail.pl?biblionumber=99757

MARC

LEADER 00000nam2a2200000 4500
001 99757
005 20231031111900.0
010 |a 5060046052 
035 |a (RuTPU)RU\TPU\book\107132 
090 |a 99757 
100 |a 20060712d2005 m y0rusy50 ca 
101 0 |a rus 
102 |a RU 
105 |a a j 000zy 
200 0 |a Кн. 3: Термодинамика. Статистическая физика. Строение вещества 
210 |d 2005 
215 |a 367 с.  |c ил. 
330 |a Книга представляет собой конспект лекций по термодинамике, статистической физике и теории строения вещества в рамках курса общей физики для студентов технических вузов. При помощи математического аппарата, доступного пониманию студентов первого курса технического вуза, дано изложение основных понятий и законов термодинамики, статистической физики и теории строения вещества. Приведено достаточное количество примеров и задач, разбор которых помогает усвоению теоретического материала и прививает навыки самостоятельного решения задач по общей физике. По способу представления изучаемого материала предлагаемый курс физики можно назвать двухуровневым. Каждая достаточно сложная тема изложена здесь дважды: сначала самым простым образом, а затем более строго и широко. Студент, имеющий желание получить хорошую оценку на экзамене, должен освоить материал как первого, так и второго уровня изложения. Студент, которого устраивает оценка «удовлетворительно», может не обращать внимание на отмеченные символом «звездочка» главы, содержащие материал второго уровня. Для студентов технических вузов. 
461 1 |0 (RuTPU)RU\TPU\book\119147  |y 5-06-004606-0  |t Курс общей физики  |o учебное пособие  |f Б. В. Бондарев, Н. П. Калашников, Г. Г. Спирин  |v Кн. 3: Термодинамика. Статистическая физика. Строение вещества  |e 2-е изд., стер.  |d 2005 
610 1 |a физика 
610 1 |a термодинамика 
610 1 |a статистическая физика 
610 1 |a вещество 
610 1 |a строение 
610 1 |a феноменологическая термодинамика 
610 1 |a газы 
610 1 |a жидкости 
610 1 |a равновесные идеальные газы 
610 1 |a кинетическая теория 
610 1 |a явления переноса 
610 1 |a реальные газы 
610 1 |a агрегатные состояния 
610 1 |a фазовые переходы 
610 1 |a квантовые газы 
610 1 |a твердые тела 
610 1 |a электрические свойства 
610 1 |a тепловые свойства 
610 1 |a диэлектрики 
610 1 |a магнитные свойства 
610 1 |a лазеры 
610 1 |a учебные пособия 
675 |a 53(075.8)  |v 3 
801 1 |a RU  |b 63413507  |c 20060712  |g PSBO 
801 2 |a RU  |b 63413507  |c 20150513  |g PSBO 
900 |a Физика 
900 |a Введение в теорию переноса ионизирующих излучений 
942 |c BK 
952 |a 550000 
959 |a 68/20060712  |d 2  |e 204,60  |f АНЛ:1  |f НФ:1